|
|
|
|
| LEADER |
00000nab a2200000ua 4500 |
| 001 |
vtls010779914 |
| 003 |
SK-MaSNL |
| 005 |
20260303102800.0 |
| 008 |
230121s1951 xo |||||||||||||||||slo| |
| 035 |
|
|
|a (urnnbn)urn:nbn:sk:snk:ar-a04h7u
|
| 035 |
|
|
|a (uuid)f8bf1bc0-81ac-4dda-8a06-4682ad09bccc
|
| 035 |
|
|
|a urn:nbn:sk:snk-ab4sgo
|
| 040 |
|
|
|a SNKBUCL
|b slo
|c SNKBUCL
|e AACR2
|
| 041 |
0 |
|
|a slo
|
| 044 |
|
|
|a xo
|c SK
|
| 100 |
1 |
|
|a Stanislav, Ján,
|d 1904-1977
|4 aut
|9 107141
|
| 245 |
1 |
0 |
|a TADEUSZ LEHR-SPŁAWIŃSKI, ZAGADNENIE CHORWATÓW NADWIŚLANSKICH
|c J. Stanislav
|
| 773 |
0 |
|
|t Jazykovedný sborník Slovenskej akadémie vied a umení
|g Roč. 5, č. 5 (1951), s. 318-320
|
| 954 |
|
|
|a odborná, vedecká literatúra pôvodná (slovenská)
|2 lita
|
| 958 |
|
|
|a OND
|
| 958 |
|
|
|a EUIPO
|
| 958 |
|
|
|a article3
|
| 999 |
|
|
|c 1844913
|d 1846843
|